[Event "Balatonlelle op-B"]
[Site "Balatonlelle"]
[Date "2006.06.25"]
[Round "9.6"]
[White "Wintner, Ivan"]
[Black "Ravasz, Laszlo Jr"]
[Result "1/2-1/2"]
[WhiteElo "2020"]
[BlackElo "2137"]
[PlyCount "89"]
[EventDate "2006.06.17"]
[EventType "swiss"]
[EventRounds "9"]
[EventCountry "HUN"]
[SourceTitle "EXT 2007"]
[Source "ChessBase"]
[SourceDate "2006.11.23"]
[SourceVersion "1"]
[SourceVersionDate "2006.11.23"]
[SourceQuality "1"]

1. c4 c5 2. Nc3 Nc6 3. Nf3 g6 4. d4 cxd4 5. Nxd4 Bg7 6. Nb3 f5 7. g3 Nf6 8. Bg2 b6 9. 0-0 Bb7 10. Bf4 Nh5 11. Bg5 h6 12. Bc1 0-0 13. e4 Nf6 14. exf5 gxf5 15. Bf4 Kh7 16. Qb1 Nh5 17. Be3 Kh8 18. Qd1 Nf6 19. Nd5 Nxd5 20. cxd5 Ne5 21. Bd4 f4 22. Qh5 d6 23. gxf4 Rxf4 24. Be3 Rf6 25. Rac1 Rg6 26. Kh1 Qe8 27. Rfd1 e6 28. f4 Ng4 29. Bg1 Bxd5 30. Rxd5 exd5 31. Qxd5 Rc8 32. Rxc8 Qxc8 33. Be4 Nf6 34. Qf5 Rxg1+ 35. Kxg1 Qxf5 36. Bxf5 Nd5 37. Nd2 Bxb2 38. Nc4 Bd4+ 39. Kg2 Bc5 40. Kf3 Nc3 41. Be6 Nxa2 42. Nxb6 Bxb6 43. Bxa2 Kg7 44. Ke4 Kf6 45. h3 1/2-1/2

[Event "Nyiregyhaza op"]
[Site "Nyiregyhaza"]
[Date "2005.07.17"]
[Round "9"]
[White "Kernazhitsky, Leonid"]
[Black "Ravasz, Laszlo Jr"]
[Result "1-0"]
[WhiteElo "2358"]
[BlackElo "2110"]
[PlyCount "61"]
[EventDate "2005.07.09"]
[EventType "swiss"]
[EventRounds "9"]
[EventCountry "HUN"]
[SourceTitle "EXT 2008"]
[Source "ChessBase"]
[SourceDate "2007.11.25"]
[SourceVersion "1"]
[SourceVersionDate "2007.11.25"]
[SourceQuality "1"]

1. e4 g6 2. d4 Nf6 3. e5 Nh5 4. Be2 Ng7 5. Nf3 d5 6. exd6 Qxd6 7. Nc3 c6 8. h3 e6 9. Ne4 Qd8 10. Bg5 Be7 11. Bxe7 Qxe7 12. Qd2 Nd7 13. 0-0-0 Nf6 14. Nxf6+ Qxf6 15. g4 b6 16. Ne5 Bb7 17. Bf3 Rc8 18. Qe3 h5 19. Qa3 Qe7 20. Qxa7 hxg4 21. hxg4 0-0 22. Qxb6 Ra8 23. Qb3 Rfb8 24. a3 c5 25. Bxb7 Rxb7 26. Qh3 Nh5 27. gxh5 cxd4 28. hxg6 Qg5+ 29. Rd2 Qxe5 30. Qh7+ Kf8 31. Qh8+ 1-0

[Event "Nyiregyhaza op"]
[Site "Nyiregyhaza"]
[Date "2005.07.11"]
[Round "3"]
[White "Orso, Miklos"]
[Black "Ravasz, Laszlo Jr"]
[Result "1/2-1/2"]
[WhiteElo "2344"]
[BlackElo "2110"]
[PlyCount "84"]
[EventDate "2005.07.09"]
[EventType "swiss"]
[EventRounds "9"]
[EventCountry "HUN"]
[SourceTitle "EXT 2008"]
[Source "ChessBase"]
[SourceDate "2007.11.25"]
[SourceVersion "1"]
[SourceVersionDate "2007.11.25"]
[SourceQuality "1"]

1. e4 g6 2. d4 Nf6 3. e5 Nh5 4. Be2 Ng7 5. Nf3 d5 6. Bh6 c6 7. 0-0 Bg4 8. Nbd2 e6 9. Re1 Nf5 10. Bxf8 Kxf8 11. h3 Bxf3 12. Nxf3 h5 13. Qd2 Qe7 14. b4 Nd7 15. a4 a6 16. b5 axb5 17. axb5 Kg7 18. Ra5 c5 19. Rea1 Rxa5 20. Qxa5 b6 21. Qa7 cxd4 22. Qc7 Qd8 23. Ra7 Qxc7 24. Rxc7 Nc5 25. Ra7 Rb8 26. g4 hxg4 27. hxg4 Nh6 28. Nxd4 Rb7 29. Ra8 Ng8 30. Nc6 Ne7 31. f3 Rc7 32. Nxe7 Rxe7 33. Rb8 Rb7 34. Rxb7 Nxb7 35. g5 Na5 36. Kf2 Kf8 37. Ke3 Ke7 38. Kd4 Kd7 39. f4 Nb7 40. Bf3 Nd8 41. c4 dxc4 42. Kxc4 Ke7 1/2-1/2

[Event "HUN-chT 0405"]
[Site "Hungary"]
[Date "2004.12.19"]
[Round "5"]
[White "Ravasz, Laszlo Jr"]
[Black "Nagy, Daniel"]
[Result "0-1"]
[WhiteElo "2118"]
[BlackElo "2178"]
[PlyCount "72"]
[EventDate "2004.09.26"]
[EventType "team-tourn"]
[EventRounds "11"]
[EventCountry "HUN"]
[SourceTitle "EXT 2011"]
[Source "ChessBase"]
[SourceDate "2010.11.26"]
[SourceVersion "1"]
[SourceVersionDate "2010.11.26"]
[SourceQuality "1"]
[WhiteTeam "Piremon"]
[BlackTeam "Mako"]
[WhiteTeamCountry "HUN"]
[BlackTeamCountry "HUN"]

1. d4 d5 2. c4 e6 3. Nc3 c6 4. Nf3 Nf6 5. Bg5 h6 6. Bh4 dxc4 7. e4 g5 8. Bg3 b5 9. Be5 Nbd7 10. a4 Bb4 11. Qc2 Bb7 12. Be2 Nxe5 13. dxe5 Bxc3+ 14. bxc3 Nd7 15. Rb1 a6 16. 0-0 Qc7 17. Qd2 0-0-0 18. Qe3 g4 19. Nd4 Nxe5 20. Rb2 h5 21. Rfb1 Rhg8 22. Kh1 h4 23. f4 gxf3 24. gxf3 c5 25. Nc2 Nd3 26. Bxd3 Rxd3 27. Qf2 Qf4 28. Ne1 Bxe4 29. fxe4 Qxe4+ 30. Ng2 h3 31. Qxc5+ Kd8 32. Qb6+ Ke8 33. Qxa6 Rxg2 34. Qxb5+ Kf8 35. Qb8+ Kg7 36. Qb7 Rxb2+ 0-1